Italian provincial Capitals - Statistics

General Stats
  • This quiz has been taken 23 times
  • The average score is 74 of 107
Answer Stats
Region Capital % Correct
Lombardy Milan
94%
Tuscany Florence
89%
Lazio Rome
89%
Aosta Valley Aosta
83%
Lombardy Bergamo
83%
Liguria Genoa
83%
Apulia Lecce
83%
Campania Naples
83%
Trentino-South Tyrol Trento
83%
Piedmont Turin
83%
Veneto Venice
83%
Apulia Bari
78%
Emilia-Romagna Bologna
78%
Lombardy Brescia
78%
Sardinia Cagliari
78%
Campania Caserta
78%
Sicily Catania
78%
Lombardy Como
78%
Lombardy Cremona
78%
Emilia-Romagna Ferrara
78%
Tuscany Livorno
78%
Basilicata Matera
78%
Sicily Messina
78%
Emilia-Romagna Modena
78%
Sicily Palermo
78%
Emilia-Romagna Parma
78%
Lombardy Pavia
78%
Tuscany Pisa
78%
Calabria Reggio Calabria
78%
Campania Salerno
78%
Sicily Syracuse
78%
Friuli-Venezia Giulia Udine
78%
Veneto Verona
78%
Piedmont Alessandria
72%
Piedmont Asti
72%
Apulia Barletta-Andria-Trani
72%
Apulia Brindisi
72%
Piedmont Cuneo
72%
Lazio Latina
72%
Lombardy Lodi
72%
Tuscany Lucca
72%
Veneto Padua
72%
Abruzzo Pescara
72%
Basilicata Potenza
72%
Emilia-Romagna Reggio Emilia
72%
Emilia-Romagna Rimini
72%
Tuscany Siena
72%
Apulia Taranto
72%
Friuli-Venezia Giulia Trieste
72%
Veneto Vicenza
72%
Sicily Agrigento
67%
Marche Ancona
67%
Tuscany Arezzo
67%
Campania Avellino
67%
Campania Benevento
67%
Trentino-South Tyrol Bolzano
67%
Molise Campobasso
67%
Calabria Catanzaro
67%
Apulia Foggia
67%
Lazio Frosinone
67%
Tuscany Grosseto
67%
Liguria Imperia
67%
Molise Isernia
67%
Liguria La Spezia
67%
Lombardy Lecco
67%
Tuscany Massa
67%
Lombardy Monza
67%
Umbria Perugia
67%
Emilia-Romagna Piacenza
67%
Tuscany Pistoia
67%
Tuscany Prato
67%
Emilia-Romagna Ravenna
67%
Sardinia Sassari
67%
Liguria Savona
67%
Sicily Trapani
67%
Lombardy Varese
67%
Veneto Belluno
61%
Sicily Caltanissetta
61%
Abruzzo Chieti
61%
Calabria Cosenza
61%
Sicily Enna
61%
Marche Fermo
61%
Emilia-Romagna Forlì
61%
Friuli-Venezia Giulia Gorizia
61%
Abruzzo L'Aquila
61%
Marche Macerata
61%
Lombardy Mantua
61%
Piedmont Novara
61%
Marche Pesaro
61%
Friuli-Venezia Giulia Pordenone
61%
Lazio Rieti
61%
Lombardy Sondrio
61%
Umbria Terni
61%
Veneto Treviso
61%
Lazio Viterbo
61%
Marche Ascoli Piceno
56%
Piedmont Biella
56%
Calabria Crotone
56%
Sardinia Nuoro
56%
Sardinia Oristano
56%
Sicily Ragusa
56%
Veneto Rovigo
56%
Abruzzo Teramo
56%
Piedmont Vercelli
56%
Piedmont Verbania
50%
Calabria Vibo Valentia
50%
Sardinia Carbonia
33%
No matching quizzes found
Score Distribution
Percent of People with Each Score
Percentile by Number Answered
Your Score History
You have not taken this quiz